|
|
|
|
| LEADER |
02578nam a2200625 a 4500 |
| 001 |
nkc20092023086 |
| 003 |
CZ PrNK |
| 005 |
20250401140250.0 |
| 007 |
ta |
| 008 |
091221s2009 xr acfhe 000 1acze |
| 015 |
|
|
|a cnb002023086
|
| 020 |
|
|
|a 978-80-7264-106-2
|q (váz.)
|
| 035 |
|
|
|a (OCoLC)505914997
|
| 040 |
|
|
|a ABA001
|b cze
|
| 043 |
|
|
|a e-xr---
|
| 045 |
|
|
|a x3x4
|
| 072 |
|
7 |
|a 070
|x Noviny. Tisk. Žurnalistika
|2 Konspekt
|9 12
|
| 072 |
|
7 |
|a 929
|x Biografie
|2 Konspekt
|9 8
|
| 080 |
|
|
|a 070.42
|2 MRF
|
| 080 |
|
|
|a 070.4-051
|2 MRF
|
| 080 |
|
|
|a 070.489-053.6
|2 MRF
|
| 080 |
|
|
|a 655.41
|2 MRF
|
| 080 |
|
|
|a 323
|2 MRF
|
| 080 |
|
|
|a 929
|2 MRF
|
| 080 |
|
|
|a (437.3)
|2 MRF
|
| 080 |
|
|
|a (0:82-94)
|2 MRF
|
| 100 |
1 |
|
|a Bureš, Karel,
|d 1909-2000
|7 jk01020304
|4 aut
|
| 245 |
1 |
0 |
|a V týmu s Foglarem :
|b příběh redaktora legendárních časopisů /
|c Karel Bureš
|
| 250 |
|
|
|a Vyd. 1.
|
| 260 |
|
|
|a Praha :
|b Toužimský & Moravec,
|c 2009
|
| 300 |
|
|
|a 301 s., [28] s. obr. příl. :
|b il. (některé barev.), portréty, faksim. ;
|c 21 cm
|
| 600 |
1 |
7 |
|a Bureš, Karel,
|d 1909-2000
|7 jk01020304
|2 czenas
|
| 600 |
1 |
7 |
|a Foglar, Jaroslav,
|d 1907-1999
|7 jk01031485
|2 czenas
|
| 610 |
2 |
7 |
|a Melantrich (nakladatelství)
|7 kn20020321583
|2 czenas
|
| 648 |
|
7 |
|a 1938-1948
|7 ch1018657
|2 czenas
|
| 650 |
0 |
7 |
|a novináři
|7 ph123339
|z Česko
|y 20. století
|2 czenas
|
| 650 |
0 |
7 |
|a publicisté
|7 ph124829
|z Česko
|y 20. století
|2 czenas
|
| 650 |
0 |
7 |
|a časopisy pro mládež
|7 ph200848
|z Česko
|y 20. století
|2 czenas
|
| 650 |
0 |
7 |
|a nakladatelství a vydavatelství
|7 ph115417
|z Česko
|y 20. století
|2 czenas
|
| 650 |
0 |
9 |
|a journalists
|z Czechia
|y 20th century
|2 eczenas
|
| 650 |
0 |
9 |
|a publicists
|z Czechia
|y 20th century
|2 eczenas
|
| 650 |
0 |
9 |
|a juvenile periodicals
|z Czechia
|y 20th century
|2 eczenas
|
| 650 |
0 |
9 |
|a publishing houses
|z Czechia
|y 20th century
|2 eczenas
|
| 651 |
|
7 |
|a Česko
|7 ge128065
|x společnost a politika
|y 20. století
|2 czenas
|
| 651 |
|
9 |
|a Czechia
|x society and politics
|y 20th century
|2 eczenas
|
| 655 |
|
7 |
|a autobiografické vzpomínky
|7 fd131854
|2 czenas
|
| 655 |
|
9 |
|a autobiographical reminiscences
|2 eczenas
|
| 856 |
4 |
1 |
|u http://www.digitalniknihovna.cz/mzk/uuid/uuid:38d3a0e0-e272-11e4-82a1-005056827e52
|y Digitalizovaný dokument
|x NDK
|
| 910 |
2 |
|
|a BOA001
|b 2-1234.759
|
| 928 |
9 |
|
|a Toužimský a Moravec
|
| 990 |
|
|
|a BK
|
| 995 |
|
|
|a 01
|
| 991 |
|
|
|b 201001
|
| 996 |
6 |
|
|b 2610377582
|c 2-1234.759
|l MZK
|r Sklad / do 1 hodiny
|n 1
|p p.v.
|w 001101159
|u 000010
|a 1
|e BOA001
|j MZK50
|s P
|
| 996 |
7 |
|
|b 2610410284
|c 2-1234.759
|l MZK
|r Sklad / do 1 hodiny
|n 4
|p kup
|w 001101159
|u 000020
|a 1
|e BOA001
|j MZK50
|s A
|